000 00529nam a2200169 i 4500
001 150213
003 ES-MaACL
005 20230906203425.0
007 t|
008 071029s1958 sp a |||| | spa d
100 1 _aVaca de Osma, José Antonio.
_9112360
245 1 0 _aAncla en la tierra /
_cJosé Antonio Vaca de Osma ; ilustraciones de Benjamín Palencia.
260 _aMadrid :
_b[s.n.],
_c1958 (
_fImp. Aldus)
300 _a111 p. :
_bil. ;
_c25 cm.
700 1 _aPalencia, Benjamín.
_988530
852 _aES-MaACL
_jC-17421
999 _c150213
_d150213